000
00271nam a2200097Ia 4500
008
230508s1997 xx 000 0 und d
041
_a
eng
100
_a
BADRI RAM & D.N. VISHWAKARMA
245
_a
POWER SYSTEM PROTECTION & SWITCHGEAR
260
_b
TATA MC GRAW HILL BO
_c
1997
999
_c
341585
_d
341585